Investigación integral de mercados: decisiones sin incertidumbre
Збережено в:
| Автор: | |
|---|---|
| Формат: | Книга |
| Мова: | Іспанська |
| Опубліковано: |
Bogotá
McGraw Hill
2005
|
| Редагування: | 3a. ed |
| Предмети: | |
| Теги: |
Додати тег
Немає тегів, Будьте першим, хто поставить тег для цього запису!
|
MARC
| LEADER | 00000nam a2200000 a 4500 | ||
|---|---|---|---|
| 001 | UCI8068 | ||
| 003 | CL-VaPUC | ||
| 008 | 080807e20050000CK |||||||||||||||||spa|d | ||
| 020 | |a 9584103644 | ||
| 082 | 0 | 4 | |a 658.83 |b JAN |2 21 |
| 100 | |a Jany Castro, José Nicolás |e author |9 592630 | ||
| 245 | 1 | 0 | |a Investigación integral de mercados: decisiones sin incertidumbre |
| 250 | |a 3a. ed | ||
| 300 | |a 486 p | ||
| 942 | |c BK | ||
| 945 | |d 20080807 00:00:00 |a rbrito | ||
| 260 | |a Bogotá |b McGraw Hill |c 2005 | ||
| 500 | |a Incluye CD | ||
| 650 | 0 | |a Investigación de mercado |9 332310 | |
| 650 | 0 | |a Gestión de mercados |9 350125 | |
| 650 | 0 | |a Publicidad |9 314572 | |
| 650 | 0 | |a Marketing |9 259324 | |
| 650 | 0 | |a Análisis de datos |9 269871 | |
| 650 | 0 | |a Diseño de productos |9 521315 | |
| 583 | |a last modification |c 20141114 05:30:49 |k Rodrigo Vera | ||
| 999 | |c 331143 |d 331141 | ||
| 952 | |0 0 |1 0 |4 0 |6 658_830000000000000_JAN_2005 |7 0 |8 A |9 417293 |a BIBING |b BIBING |d 2019-11-22 |i 4469054 |l 1 |o 658.83 JAN 2005 |p 4469054 |r 2025-01-20 |s 2022-04-01 |w 2019-11-22 |y BK |k EII | ||